LEADER 01245nam2 22002773i 450 001 CAG0067560 005 20251003044102.0 100 $a20080721d1921 ||||0itac50 ba 101 | $aita 102 $ait 181 1$6z01$ai $bxxxe 182 1$6z01$an 200 1 $aDella cittadinanza$eappendice: istruzioni ministeriali sulla naturalizzazione per decreto reale, sulla cittadinanza in Tripolitania e su modifiche ai registri di cittadinanza e note relative al Trattato di pace di San Germano$fFrancesco Degni 210 $aNapoli$cE. Marghieri$aTorino$cUnione Tip.-Editrice Torinese$d1921 215 $a346 p.$d24 cm. 462 1$1001MIL0360097$12001 $aˆ2: ‰Delle persone. 606 $aDiritto civile$2FIR$3CFIC000410$9E 676 $a346$9DIRITTO PRIVATO$v23 700 1$aDegni$b, Francesco$3MILV012920$4070$0191632 801 3$aIT$bIT-000000$c20080721 850 $aIT-BN0095 $aIT-AV0007 $aIT-NA0079 912 $aCAG0067560 950 2$aBiblioteca Centralizzata di Ateneo$d 01D (AR) 5 334$e 01AR 0070053345 VMA A4 1 v.$fY $h20230510$i20230510$lFondo Chiomenti$mEx Libris 977 $a 01$a AV$a BN 996 $aDella cittadinanza$9690935 997 $aUNISANNIO